• 首页
  • 本馆介绍
  • 公告通知
  • 最新文献
  • 馆藏检索
  • 电子资源
  • 读者导购
  • 参考咨询
  • 我的图书馆
  • 登录
  • 详细信息显示
  • 放入我的书架
  • 预约/预借图书
  • 作者相关作品
  • 分类相关作品
  • 丛书相关作品
  • 出版社相关作品

书目信息

  • 表格格式
  • 工作单格式
  • 卡片格式
题名:
看得见的世界史
    
 
作者: 肖石忠 主编
分册:   古埃及
出版信息: 北京   石油工业出版社  2018
页数: 285页
开本: 21cm
丛书名:
单 册:
中图分类: K109 , K411.2
科图分类:
主题词: 世界史--通俗读物
电子资源:
ISBN: 978-7-5183-2393-7
000 01006nam0 2200265 450
001 0033565353
005 20180607135605.0
010    @a978-7-5183-2393-7@dCNY 49.00
100    @a20180408d2018 em y0chiy50 ea
101 0  @achi
102    @aCN@b110000
105    @aa z 000yy
200 1  @a看得见的世界史@9kan de jian de shi jie shi@i古埃及@iAncient Egypt@dVisible history of the world@f肖石忠主编@zeng
210    @a北京@c石油工业出版社@d2018
215    @a285页@c彩图@d21cm
330    @a本书分众神护佑的国度、金字塔下的芸芸众生、斑斓的社会生活、神秘的来世幻想四章,具体内容包括:人神共居尼罗河、神话王国里的“人鬼情未了”、八十年复仇战争、众神的人间住所——神庙、金字塔昭示着的等级制度等。
510 1  @aVisible history of the world@iAncient Egypt@zeng
606 0  @a世界史@j通俗读物
607    @a埃及@x古代史@j通俗读物
690    @aK109@v5
690    @aK411.2@v5
701  0 @a肖石忠@9xiao shi zhong@4主编
801  0 @aCN@bMUSE@c20181206
905    @aBZT@dK109@e37
906    @dCNY39.80@n3@r1
    
    看得见的世界史.古埃及.Ancient Egypt=Visible history of the world/肖石忠主编.-北京:石油工业出版社,2018
    285页:彩图;21cm
    
    
    ISBN 978-7-5183-2393-7:CNY 49.00
    本书分众神护佑的国度、金字塔下的芸芸众生、斑斓的社会生活、神秘的来世幻想四章,具体内容包括:人神共居尼罗河、神话王国里的“人鬼情未了”、八十年复仇战争、众神的人间住所——神庙、金字塔昭示着的等级制度等。
●
相关链接 在五车中查询图书 在当当中查询图书 在豆瓣中查询图书


正题名:看得见的世界史     索取号:K109/37         预约/预借

序号 登录号 条形码 馆藏地/架位号 状态 备注
1 857121   2000857121   第二书库/ [索取号:K109/37] 在馆    
2 857122   2000857122   第二书库/ [索取号:K109/37] 已借出,限还日期为2026.04.22
借出人:王蕊蕊  
 
3 857123   2000857123   第二书库/ [索取号:K109/37] 在馆    
山东省滨州职业学院图书馆 欢迎您!
大连网信软件有限公司© 版权所有